Horses / (Record no. 306498)
[ view plain ]
| 000 -LEADER | |
|---|---|
| fixed length control field | 00579nam a2200229Ia 4500 |
| 008 - FIXED-LENGTH DATA ELEMENTS--GENERAL INFORMATION | |
| fixed length control field | 170203s9999 xx 000 0 und d |
| 020 ## - INTERNATIONAL STANDARD BOOK NUMBER | |
| International Standard Book Number | 1584764090 |
| 050 ## - LIBRARY OF CONGRESS CALL NUMBER | |
| Classification number | 636.1 |
| 050 ## - LIBRARY OF CONGRESS CALL NUMBER | |
| Item number | R581h |
| 100 ## - MAIN ENTRY--PERSONAL NAME | |
| Personal name | Ring, Susan. |
| 245 ## - TITLE STATEMENT | |
| Title | Horses / |
| 245 ## - TITLE STATEMENT | |
| Statement of responsibility, etc | written by Susan Ring ; illustrated by Ruth Palmer. |
| 260 ## - PUBLICATION, DISTRIBUTION, ETC. (IMPRINT) | |
| Place of publication, distribution, etc | Norwalk, CT : |
| 260 ## - PUBLICATION, DISTRIBUTION, ETC. (IMPRINT) | |
| Name of publisher, distributor, etc | InnovativeKids, |
| 260 ## - PUBLICATION, DISTRIBUTION, ETC. (IMPRINT) | |
| Date of publication, distribution, etc | ©2006. |
| 300 ## - PHYSICAL DESCRIPTION | |
| Extent | 24 pages : |
| 300 ## - PHYSICAL DESCRIPTION | |
| Other physical details | color illustrations ; |
| 300 ## - PHYSICAL DESCRIPTION | |
| Dimensions | 22 cm |
| 440 ## - SERIES STATEMENT/ADDED ENTRY--TITLE | |
| Title | Groovy tube book. |
| 650 ## - SUBJECT ADDED ENTRY--TOPICAL TERM | |
| Topical term or geographic name as entry element | Horses -- |
| 650 ## - SUBJECT ADDED ENTRY--TOPICAL TERM | |
| General subdivision | Juvenile literature. |
| Withdrawn status | Lost status | Damaged status | Home library | Current library | Shelving location | Date acquired | Total Checkouts | Full call number | Barcode | Date last seen | Price effective from | Koha item type |
|---|---|---|---|---|---|---|---|---|---|---|---|---|
| Stonyhurst Southville International School (Batangas) | Stonyhurst Southville International School (Batangas) | 02/03/2017 | 636.1 R581h 2006 | LS-4496 | 02/03/2017 | 02/03/2017 | Books |